Gares de la ligne de chemin de fer de Rennes à Redon - Statistiques

Statistiques générales
  • Ce quiz a été pris 29 fois
  • Le résultat moyen est 7 sur 13
Statistiques - réponses
Nombre de voyageurs (2023) Gare Département % Correct
1 037 287 Redon 35
96%
15 169 003 Rennes 35
96%
228 627 Bruz 35
88%
52 652 Beslé 44
58%
382 957 Messac - Guipry 35
58%
45 035 Pléchâtel 35
58%
88 192 Ker Lann 35
46%
3 344 Saint-Jacques-de-la-Lande 35
46%
26 072 Laillé 35
38%
26 313 Fougeray - Langon 35
33%
10 345 Massérac 44
33%
219 152 Guichen - Bourg des comptes 35
25%
24 166 Saint-Senoux - Pléchâtel 35
25%
Aucun quiz correspondant
Distribution des résultats
% des personnes avec chaque résultat
Percentile par nombre de réponses
Votre historique - résultats
Vous n’avez pas pris ce quiz